Pokémon Zoomed - Statistics

General Stats
  • This quiz has been taken 375 times
  • The average score is 14 of 16
Answer Stats
Picture Answer % Correct
Alakazam
99%
Pikachu
97%
Entei
95%
Tyranitar
94%
Azumarill
93%
Metapod
93%
Poliwhirl
91%
Rotom-Fan
91%
Turtwig
91%
Seviper
90%
Girafarig
88%
Gliscor
87%
Ferrothorn
83%
Snover
83%
Vibrava
83%
Annihilape
82%
No matching quizzes found
Score Distribution
Percent of People with Each Score
Percentile by Number Answered
Your Score History
You have not taken this quiz